000 00667nam a2200205 a 4500
001 BRCA_1794
005 20190320203543.0
008 730309s1929 nyuc---###---#000-0#eng-#
040 _aDLC
_cOHirC
_dOCoLC
050 4 _aND259.R5
_b.F74 1929
245 1 0 _aThe Frescoes of Diego Rivera
_cDiego Rivera ; introduction by Ernestine Evans.
260 _aNew York
_bHarcourt, Brace and Company
_c1929
300 _a144 p.
_bil.
_c32 cm.
500 _aColección Sonia Corcuera de Mancera
650 1 4 _aPintura y decoración de murales
_95595
650 1 4 _aDecoración y ornamentación
_zMéxico
_95596
700 1 _aEvans, Ernestine
_95597
902 _aDSC
942 _2lcc
_cB
999 _c1576
_d1576